Managing for the future : The 1990s and beyond
Saved in:
| Main Author: | |
|---|---|
| Format: | Book |
| Language: | Undetermined |
| Published: |
Oxford
Butterworth-Heinemann
1992
|
| Subjects: | |
| Tags: |
Add Tag
No Tags, Be the first to tag this record!
|
| Institutions: | Trung tâm Học liệu Trường Đại học Cần Thơ |
|---|
| LEADER | 00505nam a2200193Ia 4500 | ||
|---|---|---|---|
| 001 | CTU_86251 | ||
| 008 | 210402s9999 xx 000 0 und d | ||
| 082 | |a 658.20 | ||
| 082 | |b D794 | ||
| 100 | |a Drucker, Peter F. | ||
| 245 | 0 | |a Managing for the future : | |
| 245 | 4 | |b The 1990s and beyond | |
| 245 | 0 | |c Peter F. Drucker | |
| 260 | |a Oxford | ||
| 260 | |b Butterworth-Heinemann | ||
| 260 | |c 1992 | ||
| 650 | |a Management | ||
| 904 | |i Năm | ||
| 980 | |a Trung tâm Học liệu Trường Đại học Cần Thơ | ||